000 00717nam a2200289Ia 4500
005 20260324120423.0
008 008 260324s9999 xx 000 0 eng d
020 _a9781315571492
037 _aEBOOK
040 _aCRL
040 _beng
040 _cCRL
041 _2eng
041 _aeng
084 _qCRL
100 _aVille Vuolanto
_91158501
245 0 _aChildren and Asceticism in Late Antiquity
245 0 _bContinuity, Family Dynamics and the Rise of Christianity
260 _bTaylor and Francis
260 _c2015
365 _a
365 _b230
856 _uhttp://www.taylorfrancis.com/books/9781315571492
942 _cEBOOK
999 _c1750025
_d1750025